Central Library OPAC University of Rajshahi

An atlas for the clinical use of the MMPI / (Record no. 29299)

MARC details
000 -LEADER
fixed length control field 01114cam a22002891 4500
001 - CONTROL NUMBER
control field 29299
003 - CONTROL NUMBER IDENTIFIER
rucl marc code BD-RjUL
005 - DATE AND TIME OF LATEST TRANSACTION
control field 20211209051409.0
008 - FIXED-LENGTH DATA ELEMENTS--GENERAL INFORMATION
fixed length control field 140403r19611951mnu bs 001 0 eng d
035 ## - SYSTEM CONTROL NUMBER
System control number (BD-RjUL)29384
System control number (OCoLC)166026
040 ## - CATALOGING SOURCE
Original cataloging agency DLC
Transcribing agency OTifH
Modifying agency OCoLC
-- NBrockU
-- Uk
-- BD-RjUL
-- DLC
Language of cataloging eng
041 ## - LANGUAGE CODE
Language code of text/sound track or separate title eng
082 00 - DEWEY DECIMAL CLASSIFICATION NUMBER
Classification number 616.8
Author mark and year HAA 1961
100 1# - MAIN ENTRY--PERSONAL NAME
Personal name Hathaway, Starke R.
Fuller form of name (Starke Rosecrans),
Dates associated with a name 1903-1984.
9 (RLIN) 89409
245 13 - TITLE STATEMENT
Title An atlas for the clinical use of the MMPI /
Statement of responsibility, etc. by Starke R. Hathaway and Paul E. Meehl.
260 ## - PUBLICATION, DISTRIBUTION, ETC. (IMPRINT)
Place of publication, distribution, etc. Minneapolis :
Name of publisher, distributor, etc. University of Minnesota Press,
Date of publication, distribution, etc. 1951 [printing 19+61].
300 ## - PHYSICAL DESCRIPTION
Pagination xliv, 799 p. ;
Size 27 cm.
500 ## - GENERAL NOTE
General note "A case history handbook for professional uses of the Minnesota multiphasic personality inventory."
504 ## - BIBLIOGRAPHY, ETC. NOTE
Bibliography, etc Bibliographical reference and index.
600 10 - SUBJECT ADDED ENTRY--PERSONAL NAME
Personal name Hathaway, Starke R.
Fuller form of name (Starke Rosecrans),
Dates associated with a name 1903-1984.
650 #0 - SUBJECT ADDED ENTRY--TOPICAL TERM
Topical term or geographic name as entry element Psychiatry
Form subdivision Case studies.
9 (RLIN) 39516
700 1# - ADDED ENTRY--PERSONAL NAME
Personal name Meehl, Paul E.
Fuller form of name (Paul Everett),
Dates associated with a name 1920-2003,
Relator term joint author.
942 ## - ADDED ENTRY ELEMENTS (KOHA)
Source of classification or shelving scheme Dewey Decimal Classification
Koha item type Books
Holdings
Lost status Source of classification or shelving scheme Damaged status Not for loan Collection code Permanent Location Current Location Shelving location Date acquired Source of acquisition Cost, normal purchase price Total Checkouts Full call number Date last seen Copy number Koha item type
  Dewey Decimal Classification   Added to bundle Non-fiction Central Library, University of Rajshahi Central Library, University of Rajshahi Reading Room 10/07/1964 zeithinger 78.00   616.8 HAA 1961 03/04/2014 C-1 Books